|
|
|
|
| LEADER |
01424nam a2200385 a 4500 |
| 001 |
000646684 |
| 003 |
CZ BrMZK |
| 005 |
20041111095110.0 |
| 008 |
030117s2002 xr f cze d |
| 015 |
|
|
|a cnb001172986
|
| 020 |
|
|
|a 80-7207-440-7
|
| 035 |
|
|
|a (OCoLC)53274496
|
| 040 |
|
|
|a OSA001
|b cze
|d BOA001
|
| 041 |
1 |
|
|a cze
|h fre
|
| 080 |
|
|
|a 159.961
|2 MRF
|
| 080 |
|
|
|a (0.062)
|2 MRF
|
| 080 |
|
|
|a (0:82-32)
|2 MRF
|
| 100 |
1 |
|
|a Wallon, Philippe,
|d 1948-
|7 mzk2002165253
|4 aut
|
| 245 |
1 |
0 |
|a Paranormální jevy /
|c Philippe Wallon ; [z francouzského originálu přeložila Lenka Kolářová]
|
| 250 |
|
|
|a Vyd. 1.
|
| 260 |
|
|
|a Praha :
|b Volvox Globator,
|c 2002
|
| 300 |
|
|
|a 115 s. ;
|c 22 cm
|
| 490 |
1 |
|
|a Vědomí ;
|v sv. 1
|
| 504 |
|
|
|a Obsahuje bibliografii
|
| 650 |
0 |
7 |
|a parapsychologie
|7 ph115672
|2 czenas
|
| 655 |
|
7 |
|a příběhy
|7 fd133204
|2 czenas
|
| 655 |
|
7 |
|a populárně-naučné publikace
|7 fd131864
|2 czenas
|
| 700 |
1 |
|
|a Kolářová, Lenka
|4 trl
|
| 765 |
0 |
|
|t <<Le >>paranormal
|9 Česky
|
| 830 |
|
0 |
|a Vědomí
|
| 856 |
4 |
1 |
|u http://www.digitalniknihovna.cz/mzk/uuid/uuid:ca4fa8e0-076f-11e4-b1a4-005056827e52
|y Digitalizovaný dokument
|x NDK
|
| 910 |
|
|
|a BOA001
|b Z-1111.822
|
| 990 |
|
|
|a BK
|
| 996 |
6 |
|
|b 2610179893
|c Z-1111.822
|l MZK
|r Sklad / do 24 hodin
|n 1
|p kup
|w 000646684
|u 000010
|a 1
|e BOA001
|j MZK50
|s P
|
| 996 |
6 |
|
|b 2610191065
|c Z-1111.822
|l MZK
|r Sklad / do 24 hodin
|n 5
|p p.v.
|w 000646684
|u 000020
|a 1
|e BOA001
|j MZK50
|s P
|